| 000 -LEADER |
| fixed length control field |
01038cam a2200349 i 4500 |
| 001 - CONTROL NUMBER |
| control field |
1319839 |
| 003 - CONTROL NUMBER IDENTIFIER |
| control field |
OSt |
| 005 - DATE AND TIME OF LATEST TRANSACTION |
| control field |
20210416063724.0 |
| 008 - FIXED-LENGTH DATA ELEMENTS--GENERAL INFORMATION |
| fixed length control field |
780725s1978 nyua b 001 0 eng |
| 010 ## - LIBRARY OF CONGRESS CONTROL NUMBER |
| LC control number |
78014194 |
| 020 ## - INTERNATIONAL STANDARD BOOK NUMBER |
| International Standard Book Number |
0838506283 : |
| 040 ## - CATALOGING SOURCE |
| Original cataloging agency |
DLC |
| Transcribing agency |
DLC |
| Modifying agency |
DLC |
| 041 ## - LANGUAGE CODE |
| Language code of text/sound track or separate title |
eng |
| 050 00 - LIBRARY OF CONGRESS CALL NUMBER |
| Classification number |
RD31 |
| Item number |
.B367 |
| 060 ## - NATIONAL LIBRARY OF MEDICINE CALL NUMBER |
| Classification number |
WO500.3 B311 |
| 080 ## - UNIVERSAL DECIMAL CLASSIFICATION NUMBER |
| Universal Decimal Classification number |
617 |
| Item number |
B-29 |
| 082 00 - DEWEY DECIMAL CLASSIFICATION NUMBER |
| Classification number |
617 |
| 100 ## - MAIN ENTRY--PERSONAL NAME |
| 9 (RLIN) |
327 |
| Personal name |
Gardner, Bernard |
| Relator term |
Editor |
| 245 00 - TITLE STATEMENT |
| Title |
Basic surgery : |
| Remainder of title |
a symptom-oriented approach / |
| Statement of responsibility, etc. |
edited by Bernard Gardner ... [et al.]. |
| 260 ## - PUBLICATION, DISTRIBUTION, ETC. |
| Place of publication, distribution, etc. |
New York : |
| Name of publisher, distributor, etc. |
Appleton-Century-Crofts, |
| Date of publication, distribution, etc. |
c1978. |
| 300 ## - PHYSICAL DESCRIPTION |
| Extent |
xiii, 627 p. : |
| Other physical details |
ill. ; |
| Dimensions |
24 cm. |
| 365 ## - TRADE PRICE |
| Price amount |
18.75 usd |
| 504 ## - BIBLIOGRAPHY, ETC. NOTE |
| Bibliography, etc. note |
Includes bibliographies and index. |
| 650 #0 - SUBJECT ADDED ENTRY--TOPICAL TERM |
| Topical term or geographic name entry element |
Surgery. |
| 650 #2 - SUBJECT ADDED ENTRY--TOPICAL TERM |
| Topical term or geographic name entry element |
Surgery, Operative. |
| 653 ## - INDEX TERM--UNCONTROLLED |
| Uncontrolled term |
ქირურგია |
| 700 ## - ADDED ENTRY--PERSONAL NAME |
| Personal name |
Polk, C. Hiram Jr. |
| 9 (RLIN) |
328 |
| Relator term |
Editor |
| 700 ## - ADDED ENTRY--PERSONAL NAME |
| Personal name |
Stone, H. Harlan |
| 9 (RLIN) |
329 |
| Relator term |
Editor |
| 700 ## - ADDED ENTRY--PERSONAL NAME |
| Personal name |
Sugg, L. Winfred |
| 9 (RLIN) |
330 |
| Relator term |
Editor |
| 906 ## - LOCAL DATA ELEMENT F, LDF (RLIN) |
| a |
7 |
| b |
cbc |
| c |
orignew |
| d |
1 |
| e |
ocip |
| f |
19 |
| g |
y-gencatlg |
| 942 ## - ADDED ENTRY ELEMENTS (KOHA) |
| Source of classification or shelving scheme |
|
| Koha item type |
Books |